Jaime I, un monarca para el pueblo / Pepa Badell
Publicado:
San Jorge, núm. 98 - 99 (desembre 1976), pàg 25 - 26 :
MARC
| LEADER | 00000nam a2200000Ia 4500 | ||
|---|---|---|---|
| 001 | |||
| 008 | 160829s9999 xx 000 0 cat d | ||
| 100 | |a Badell, Pepa |9 45121 | ||
| 245 | |a Jaime I, un monarca para el pueblo / Pepa Badell | ||
| 260 | |a San Jorge, núm. 98 - 99 (desembre 1976), pàg 25 - 26 | ||
| 600 | 0 | 0 | |a Jaume |b I, |c rei de Catalunya-Aragó, |d 1208-1276 |x Aniversaris, etc. |9 55586 |
| 901 | |a Arxiu | ||
| 942 | |n 1 | ||
| 952 | |0 0 |1 0 |4 0 |7 1 |9 52380 |a Arxiu |b Arxiu |d 2016-12-01 |l 0 |r 2016-12-01 00:00:00 |w 2016-12-01 |y ARXIU | ||
| 999 | |c 56228 |d 56228 | ||